A history of Europe /

محفوظ في:

المؤلف الرئيسي: Pirenne, Henri, 1862-1935.

مؤلفون آخرون: Pirenne, Jacques.

التنسيق: كتاب

اللغة: English
French

منشور في: Garden City, N.Y. : Doubleday, 1958.

الموضوعات:

الوسوم: إضافة وسم

لا توجد وسوم, كن أول من يضع وسما على هذه التسجيلة!

رقم الطلب: D117 .P52 1958 v.1-2

LEADER 00919nam a22002657a 4500
003 OSt
005 20251125085455.0
008 231220s1958 nyu 000 0 eng d
040 |c ARCE Library 
041 1 |a eng  |h fre 
043 |a e------ 
050 4 |a D117 .P52 1958 v.1-2 
100 1 |a Pirenne, Henri,  |d 1862-1935. 
245 1 2 |a A history of Europe /  |c Henri Pirenne ; [translated by Bernard Miall]. 
260 |a Garden City, N.Y. :   |b Doubleday,  |c 1958. 
300 |a 2 v. ;   |c 19 cm. 
500 |a Preface signed : Jacques Pirenne. 
500 |a Includes index. 
505 0 |a Vol. 1. From the end of the Roman world in the West to the beginnings of the western states -- v. 2. From the thirteenth century to the Renaissance and Reformation. 
651 0 |a Europe  |x History  |y 476-1492. 
651 0 |a Europe  |x History  |y 1492-1648. 
700 1 |a Pirenne, Jacques. 
901 |a reviewed 
942 |2 lcc  |c BK 
999 |c 55147  |d 55147